Países que acaban por la letra R - Estadísticas

Estadísticas generales
  • Esta prueba ha sido intentada 21 veces
  • La puntuación promedio es 4 de 8
Estadísticas de respuestas
País % Correcto
Myanmar
69%
Corea del Sur
50%
Sudán del Sur
50%
Ecuador
44%
El Salvador
44%
Catar
38%
Singapur
38%
Madagascar
31%
No se encontraron pruebas coincidentes
Distribución de puntuación
Porcentaje de gente con cada puntuación
Porcentaje por número respondido
Historial de tus puntuaciones
No has intentado esta prueba.